000 00782cab a22002175a 4500
001 L154005
008 111003s2011 xxk f s 000 0 eng d
035 _a(Sirsi) u154005
041 0 _aeng
100 1 _aEvans, Rebecca
245 0 0 _aBe prepared or pay
_bthe new Construction Act
260 _c2011
490 0 _aBuilding Engineer
_v86(10) October 2011, 28(1)
520 _aExamines the action that employers, contractors, subcontractors and consultants need to take to get ready for the new Construction Act.
590 _aKA
650 2 4 _aHOUSING GRANTS, CONSTRUCTION AND REGENERATION ACT 1996
651 4 _aEngland and Wales
_y1543-
690 _aBUILT ENVIRONMENT-CONSTRUCTION MANAGEMENT-BUILDING CONTRACT ADMINISTRATION
690 _aProcurement
_96260
942 _n0
999 _c83445
_d83445